اقبال کی شاعری اور اس کا پیغام / (Record no. 173109)

MARC details
000 -LEADER
fixed length control field 00599nam a22001937a 4500
005 - DATE AND TIME OF LATEST TRANSACTION
control field 20200218170504.0
010 ## - LCCN (DPL NO)
LC control number A-842071
020 ## - INTERNATIONAL STANDARD BOOK NUMBER
Terms of availability 30.00
035 ## - SYSTEM CONTROL NUMBER
System control number A-842071
037 ## - SOURCE OF ACQUISITION
Source of stock number/acquisition BPPD/Pub.
082 ## - DEWEY DECIMAL CLASSIFICATION NUMBER
Classification number 841.08
100 ## - MAIN ENTRY--PERSONAL NAME
Personal name شیخ اکبر علی
245 ## - TITLE STATEMENT
Title اقبال کی شاعری اور اس کا پیغام /
Statement of responsibility, etc شیخ اکبر علی
246 ## - VARYING FORM OF TITLE
Title proper/short title Iqbal Ki Shayri Aur Us Ka Paigham (Urdu) /
Remainder of title by Sheikh Akbar Ali
260 ## - PUBLICATION, DISTRIBUTION, ETC. (IMPRINT)
Place of publication, distribution, etc Delhi
Name of publisher, distributor, etc Aeteqad Publishing House
Date of publication, distribution, etc 1979 ء
270 ## - ADDRESS
Address -
City -
Postal code -
300 ## - PHYSICAL DESCRIPTION
Extent 286p.
Dimensions 20cm(Hb)
942 ## - ADDED ENTRY ELEMENTS (KOHA)
Source of classification or shelving scheme Dewey Decimal Classification
Item type Urdu Bks
Call number suffix ا ق ب
Classification part 841.08
Holdings
Withdrawn status Lost status Not for loan Collection code Home library Current library Date acquired Source of acquisition Cost, normal purchase price Full call number Barcode Copy number Cost, replacement price Koha item type
      Non-fiction Central Library Central Library 18/02/2020 BPPD/Ven. 30.00 841.08 ا ق ب A-842071 1 30.00 Urdu Bks

© Delhi Public Library
Hit Counter
free hit counter